000 00436pab a2200145 454500
008 180718b1986 xxu||||| |||| 00| 0 eng d
100 _aKalimuthu, P.
245 _aThe social and career background of the promotees in the IAS cadre of Tamil Nadu - a study
260 _c1986
300 _a178-99
362 _aApr.-June
650 _aCivil Service - India - Tamil Nadu
773 _aIndian Journal of Political Studies
909 _a5783
999 _c5783
_d5783